000
00285nam a2200109Ia 4500
008
200302s9999 xx 000 0 und d
100
_a
Vandana Vasudevan
245
_a
Urban Villager - Life in an Indian Satellite Town
260
_b
Sage Publications
260
_c
2013
300
_a
278 P
999
_c
4329
_d
4329